Cartas a Paquita / (Record no. 121225)

MARC details
000 -LEADER
campo de control de longitud fija 00728nam a2200217 4500
001 - NÚMERO DE CONTROL
campo de control 121225
003 - IDENTIFICADOR DE NÚMERO DE CONTROL
campo de control ES-MaACL
005 - FECHA Y HORA DE LA ÚLTIMA TRANSACCIÓN
campo de control 20250929063158.0
007 - CAMPO FIJO DE DESCRIPCIÓN FÍSICA--INFORMACIÓN GENERAL
campo de control de longitud fija t|
008 - DATOS DE LONGITUD FIJA--INFORMACIÓN GENERAL
campo de control de longitud fija 070214q1909 fr r ||||1| spa d
100 1# - ENTRADA PRINCIPAL--NOMBRE DE PERSONA
Nombre de persona Prévost, Marcel,
Fechas asociadas al nombre 1862-1941
9 (RLIN) 93819
245 10 - MENCIÓN DEL TÍTULO
Título Cartas a Paquita /
Mención de responsabilidad, etc. Marcel Prévost ; versión castellana por Francisca A. de la Barella.
260 ## - PUBLICACIÓN, DISTRIBUCIÓN, ETC.
Lugar de publicación, distribución, etc. Paris :
Nombre del editor, distribuidor, etc. Librería Paul Ollendorf,
Fecha de publicación, distribución, etc. [ca. 1909]
300 ## - DESCRIPCIÓN FÍSICA
Extensión XII, 320 p. ;
Dimensiones 19 cm.
490 1# - MENCIÓN DE SERIE
Mención de serie Veladas del hogar ;
Designación de volumen o secuencia 1
500 ## - NOTA GENERAL
Nota general Traducción de: Lettres áa Françoise.
700 1# - ENTRADA AGREGADA--NOMBRE PERSONAL
Nombre de persona Barella, Francisca A. de la.
9 (RLIN) 25615
830 0# - PUNTO DE ACCESO ADICIONAL DE SERIE-TÍTULO UNIFORME
Título uniforme Veladas del hogar ;
Designación de volumen o secuencia 1
9 (RLIN) 218734
852 ## - LOCALIZACIÓN
Ubicación ES-MaACL
Número de control de estantería D-888
Holdings
Estatus retirado Estado de pérdida Estado de daño No para préstamo Biblioteca de origen Biblioteca actual Ubicación en estantería Fecha de adquisición Fuente de adquisición Total de préstamos Signatura topográfica completa Código de barras Visto por última vez Precio de reemplazo Tipo de ítem Koha
        Biblioteca del Ateneo de Madrid Biblioteca del Ateneo de Madrid Sala Valle Inclán 17/01/2008     D-888 901126341 23/02/2023 23/02/2023 Libro impreso